[Event "World Rapid 2022"]
[Site "Almaty KAZ"]
[Date "2022.12.26"]
[Round "1.2"]
[White "Rapport, Richard"]
[Black "Vakhidov, Jakhongir"]
[Result "1-0"]
[WhiteTitle "GM"]
[BlackTitle "GM"]
[WhiteElo "2740"]
[BlackElo "2607"]
[WhiteFideId "738590"]
[BlackFideId "14201801"]
[EventDate "2022.12.26"]

1. e4 c5 2. Nf3 Nc6 3. Bb5 e6 4. c3 Nf6 5. Qe2 Qc7 6. O-O a6 7. Ba4 b5 8. Bc2
Bd6 9. a4 b4 10. d3 a5 11. Bg5 Ng4 12. h3 h6 13. Bc1 Nh2 14. Nxh2 Bxh2+ 15. Kh1
Bf4 16. Be3 Bxe3 17. Qxe3 Ne7 18. Nd2 O-O 19. cxb4 cxb4 20. Rac1 d5 21. Bb3 Qd7
22. Nf3 Ba6 23. Rfd1 Rfd8 24. Rc5 Bb7 25. Rdc1 Rac8 26. Rxa5 Rxc1+ 27. Qxc1 dxe4
28. Ne5 Qd6 29. dxe4 Bxe4 30. Qf4 Bf5 31. Ra7 f6 32. Ng6 Bxg6 33. Qxd6 Rxd6 34.
Rxe7 Rd2 35. Bxe6+ Kf8 36. Rb7 Rxb2 37. f3 Be8 38. a5 Rb1+ 39. Kh2 Ra1 40. Ra7
Re1 41. Bc4 Rc1 42. Bd3 Rd1 43. Be4 g6 44. a6 f5 45. Bc2 Ra1 46. Bd3 Bf7 47. Rb7
b3 48. a7 Bd5 49. Rd7 Bc6 50. Rc7 Bd5 51. Rd7 Bc6 52. Rd6 Bb7 53. Rxg6 Rxa7 54.
Rxh6 Bd5 55. Bxf5 b2 56. Rb6 Rb7 57. Rxb7 Bxb7 58. Kg3 Ke7 59. Kf4 Bd5 60. Bb1
Kf6 61. Ke3 Bf7 62. Kd2 Bc4 63. h4 Bd5 64. Kc3 Ke5 65. Kxb2 Kf4 66. Kc3 Bf7 67.
Kd4 Kg3 68. Ke5 Bh5 69. Be4 Be8 70. Kf6 Kxh4 71. g4 Bb5 72. g5 Bc4 73. Kg6 Kg3
74. Kh7 1-0

[Event "World Rapid 2022"]
[Site "Almaty KAZ"]
[Date "2022.12.26"]
[Round "1.4"]
[White "Duda, Jan-Krzysztof"]
[Black "Idani, Pouya"]
[Result "1-0"]
[WhiteTitle "GM"]
[BlackTitle "GM"]
[WhiteElo "2729"]
[BlackElo "2637"]
[WhiteFideId "1170546"]
[BlackFideId "12510130"]
[EventDate "2022.12.26"]

1. d4 Nf6 2. c4 e6 3. Nf3 Bb4+ 4. Bd2 a5 5. a3 Bxd2+ 6. Nbxd2 d6 7. g3 O-O 8.
Bg2 Qe7 9. O-O e5 10. e4 Bg4 11. Qc2 c5 12. d5 a4 13. Nb1 Na6 14. Nc3 Bd7 15.
Nxa4 Bxa4 16. Qxa4 Nxe4 17. Nh4 Nf6 18. Nf5 Qc7 19. f4 Rae8 20. Qc2 Qd8 21. Qc3
g6 22. Ne3 exf4 23. Rxf4 Re5 24. Raf1 Qe7 25. Rxf6 Rxe3 26. Re6 fxe6 27. Rxf8+
Qxf8 28. Qxe3 e5 29. Qb3 Qe7 30. h4 Qc7 31. Bh3 Kg7 32. Be6 Qe7 33. Kf2 h5 34.
Ke2 Qc7 35. Qb5 Qe7 36. Bc8 Nc7 37. Qxb7 Kf6 38. a4 e4 39. Be6 g5 40. hxg5+ Kxg5
41. a5 h4 42. gxh4+ Kf4 43. Qb3 Qxh4 44. Qe3+ Ke5 45. Qc3+ Kf4 46. Qh3 Qxh3 47.
Bxh3 e3 48. Bc8 Ke4 49. a6 Kd4 50. b3 Kc3 51. Kxe3 Kxb3 1-0

[Event "World Rapid 2022"]
[Site "Almaty KAZ"]
[Date "2022.12.26"]
[Round "1.5"]
[White "Kovalev, Vladislav"]
[Black "Vachier-Lagrave, Maxime"]
[Result "1/2-1/2"]
[WhiteTitle "GM"]
[BlackTitle "GM"]
[WhiteElo "2623"]
[BlackElo "2737"]
[WhiteFideId "13504398"]
[BlackFideId "623539"]
[EventDate "2022.12.26"]

1. e4 c5 2. Nf3 d6 3. Bb5+ Bd7 4. Bxd7+ Qxd7 5. c4 Nf6 6. Nc3 Nc6 7. d4 cxd4 8.
Nxd4 g6 9. f3 Bg7 10. Be3 O-O 11. Rc1 a6 12. O-O Rfc8 13. b3 Nxd4 14. Bxd4 b5
15. cxb5 axb5 16. Qd2 Qb7 17. Ne2 e5 18. Bf2 d5 19. exd5 Nxd5 20. Rxc8+ Rxc8 21.
Rc1 Rxc1+ 22. Qxc1 b4 23. Qc4 Bf8 24. Nc1 Nf4 25. Be3 Qd5 26. Qc2 Ne6 27. Nd3 e4
28. fxe4 Qxe4 29. Qd2 h5 30. h3 Bd6 31. Kf1 Ng7 32. Nf2 Qc6 33. Bd4 Nf5 34. Ba1
Kh7 35. Qb2 f6 36. Qxf6 Ng3+ 37. Ke1 Qe8+ 38. Kd1 Qe2+ 39. Kc1 Qe1+ 40. Kc2 Qe2+
41. Kc1 Qe1+ 42. Kc2 Qe2+ 43. Kc1 1/2-1/2

[Event "World Rapid 2022"]
[Site "Almaty KAZ"]
[Date "2022.12.26"]
[Round "1.6"]
[White "Nepomniachtchi, Ian"]
[Black "Pantsulaia, Levan"]
[Result "1-0"]
[WhiteTitle "GM"]
[BlackTitle "GM"]
[WhiteElo "2793"]
[BlackElo "2597"]
[WhiteFideId "4168119"]
[BlackFideId "13602071"]
[EventDate "2022.12.26"]

1. e4 c5 2. Nf3 e6 3. d4 cxd4 4. Nxd4 a6 5. a3 Nf6 6. Nc3 Qc7 7. f4 d6 8. g4 Nc6
9. g5 Nd7 10. Be3 Na5 11. Qe2 b5 12. O-O-O Bb7 13. f5 e5 14. Nf3 Nc4 15. Nd5
Bxd5 16. Rxd5 Rc8 17. Bf2 Ndb6 18. Bxb6 Qxb6 19. Rd3 Be7 20. Kb1 h6 21. f6 gxf6
22. Bh3 Rd8 23. g6 h5 24. Nh4 fxg6 25. Nxg6 Rh6 26. Qg2 Ne3 27. Rxe3 Qxe3 28.
Nxe7 Qg5 29. Qf2 f5 30. Nxf5 Rg6 31. Rf1 1-0

[Event "World Rapid 2022"]
[Site "Almaty KAZ"]
[Date "2022.12.26"]
[Round "1.7"]
[White "Yilmaz, Mustafa"]
[Black "Grischuk, Alexander"]
[Result "1/2-1/2"]
[WhiteTitle "GM"]
[BlackTitle "GM"]
[WhiteElo "2617"]
[BlackElo "2745"]
[WhiteFideId "6302718"]
[BlackFideId "4126025"]
[EventDate "2022.12.26"]

1. d4 Nf6 2. c4 e6 3. Nf3 d5 4. Nc3 Be7 5. Bf4 O-O 6. e3 Nbd7 7. c5 Ne4 8. Rc1
c6 9. Be2 g5 10. Bg3 f5 11. Nxe4 dxe4 12. Nd2 f4 13. Nxe4 fxg3 14. hxg3 Rf7 15.
Bc4 Nf8 16. f4 Rg7 17. Qh5 Bd7 18. O-O Kh8 19. fxg5 Bxg5 20. Rf3 Qe8 21. Qxe8
Rxe8 22. Nd6 Rb8 23. Rcf1 Kg8 24. e4 Ng6 25. b4 h6 26. Kh2 Be7 27. Nf5 Rh7 28.
Nd6 Bxd6 29. cxd6 Rf8 30. Rf6 Rxf6 31. Rxf6 Nf8 32. e5 h5 33. Kg1 Rf7 34. Rf4
Ng6 35. Re4 Kg7 36. a4 Kh6 37. Be2 Kg5 38. a5 Rf8 39. Re3 a6 40. Re4 Rf7 41. Re3
Rf8 42. Re4 Rf7 43. Re3 Nf8 44. Re4 Be8 45. Rh4 Rg7 46. Rf4 Rf7 47. Rh4 Rg7 48.
Rf4 Rf7 1/2-1/2

[Event "World Rapid 2022"]
[Site "Almaty KAZ"]
[Date "2022.12.26"]
[Round "1.9"]
[White "Petrov, Nikita"]
[Black "Mamedyarov, Shakhriyar"]
[Result "1/2-1/2"]
[WhiteTitle "GM"]
[BlackTitle "GM"]
[WhiteElo "2537"]
[BlackElo "2740"]
[WhiteFideId "4101286"]
[BlackFideId "13401319"]
[EventDate "2022.12.26"]

1. d4 Nf6 2. c4 e6 3. Nc3 Bb4 4. e3 O-O 5. Bd3 d5 6. a3 Bd6 7. c5 Be7 8. Nf3 c6
9. O-O Nbd7 10. b4 Qc7 11. e4 dxe4 12. Nxe4 Nxe4 13. Bxe4 a5 14. Bd2 Nf6 15. Bd3
Rd8 16. Qc2 axb4 17. axb4 Bd7 18. g3 Be8 19. Rfd1 Rxa1 20. Rxa1 h6 21. b5 Qd7
22. b6 Qd5 23. Kg2 e5 24. Bc4 Qe4 25. Bd3 Qd5 26. Bc4 Qe4 27. Qb3 Rxd4 28. Qc2
Rd8 29. Bd3 Qd5 1/2-1/2

[Event "World Rapid 2022"]
[Site "Almaty KAZ"]
[Date "2022.12.26"]
[Round "1.10"]
[White "Yu, Yangyi"]
[Black "Narayanan, Srinath"]
[Result "1-0"]
[WhiteTitle "GM"]
[BlackTitle "GM"]
[WhiteElo "2728"]
[BlackElo "2559"]
[WhiteFideId "8603820"]
[BlackFideId "5018420"]
[EventDate "2022.12.26"]

1. Nf3 d5 2. g3 g6 3. Bg2 Bg7 4. d4 Nf6 5. c4 c6 6. O-O O-O 7. Qa4 Nbd7 8. cxd5
cxd5 9. Bf4 Ne4 10. Qb3 Nb6 11. a4 Nc4 12. Nc3 Nxc3 13. Qxc3 Bf5 14. b3 Nd6 15.
Rac1 Be4 16. Qc7 Rc8 17. Qxd8 Rfxd8 18. Bxd6 Rxc1 19. Rxc1 Rxd6 20. Rc8+ Bf8 21.
Ne5 f6 22. Bxe4 dxe4 23. Nc4 Rxd4 24. Rc7 Rd1+ 25. Kg2 b6 26. Rxa7 Rb1 27. Nxb6
Rxb3 28. a5 e6 29. Nd7 Be7 30. a6 Ra3 31. Ra8+ Kf7 32. a7 f5 33. h4 h6 34. e3
Bd6 35. Rh8 Ke7 36. Rh7+ Kd8 37. Nb6 1-0

[Event "World Rapid 2022"]
[Site "Almaty KAZ"]
[Date "2022.12.26"]
[Round "1.11"]
[White "Christiansen, Johan-Sebastian"]
[Black "Fedoseev, Vladimir3"]
[Result "0-1"]
[WhiteTitle "GM"]
[BlackTitle "GM"]
[WhiteElo "2578"]
[BlackElo "2688"]
[WhiteFideId "1512668"]
[BlackFideId "24130737"]
[EventDate "2022.12.26"]

1. e4 e6 2. Nf3 d5 3. e5 c5 4. c3 Nc6 5. d4 Qb6 6. Be2 Nh6 7. Bxh6 gxh6 8. Qd2
Bd7 9. dxc5 Qxc5 10. b4 Qe7 11. O-O Bg7 12. Qe3 f6 13. exf6 Qxf6 14. b5 Ne7 15.
Nd4 e5 16. Nb3 O-O 17. N1d2 b6 18. c4 Rac8 19. Rac1 h5 20. Qf3 Qd6 21. Qxh5 Ng6
22. Bd3 e4 23. Nxe4 dxe4 24. Bxe4 Qf6 25. Rcd1 Bf5 26. Bd5+ Kh8 27. Nd4 Bd3 28.
Ne6 Bxf1 29. Nxf8 Rxf8 30. Rxf1 Nf4 31. Qf3 Qb2 32. Kh1 Qxa2 33. Be4 Qxc4 34.
Rd1 Qxb5 35. Qa3 a5 36. Qe7 Qe2 37. Rc1 Nd3 0-1

[Event "World Rapid 2022"]
[Site "Almaty KAZ"]
[Date "2022.12.26"]
[Round "1.12"]
[White "Artemiev, Vladislav"]
[Black "Durarbayli, Vasif"]
[Result "1-0"]
[WhiteTitle "GM"]
[BlackTitle "GM"]
[WhiteElo "2701"]
[BlackElo "2612"]
[WhiteFideId "24101605"]
[BlackFideId "13402935"]
[EventDate "2022.12.26"]

1. d4 d5 2. c4 c6 3. Nc3 Nf6 4. e3 e6 5. Nf3 Nbd7 6. Qc2 Bd6 7. Bd3 O-O 8. O-O
dxc4 9. Bxc4 b5 10. Bd3 Bb7 11. e4 e5 12. h3 a6 13. dxe5 Nxe5 14. Nxe5 Bxe5 15.
Be3 Re8 16. f4 Bxc3 17. bxc3 c5 18. e5 c4 19. Be2 Be4 20. Qc1 Nd5 21. Bd4 b4 22.
cxb4 Nxf4 23. Qxf4 Qxd4+ 24. Kh2 c3 25. Bh5 g6 26. Bf3 Qxe5 27. Bxe4 Qxe4 28.
Qxf7+ Kh8 29. Qf6+ Kg8 30. Qxc3 Qe5+ 31. Qxe5 Rxe5 32. Rae1 Rae8 33. Rxe5 Rxe5
34. a4 Kg7 35. Kg3 Re3+ 36. Rf3 Re6 37. b5 axb5 38. axb5 Rb6 39. Rb3 Kf6 40. Kf4
h6 41. Ke4 Ke6 42. Kd4 Kd6 43. Kc4 Kc7 44. Ra3 Rf6 45. Ra7+ Kb8 46. Ra6 Rf4+ 47.
Kc3 Rf5 48. Rxg6 Rxb5 49. Rxh6 Kc7 50. Kd4 Kd7 51. Ke4 Ke7 52. Rc6 Kf7 53. Kf4
Kg7 54. h4 Rb4+ 55. Kg5 Rb5+ 56. Kg4 Rb4+ 57. Kh3 Rb1 58. h5 1-0

[Event "World Rapid 2022"]
[Site "Almaty KAZ"]
[Date "2022.12.26"]
[Round "1.13"]
[White "Makhnev, Denis"]
[Black "Brunello, Sabino"]
[Result "0-1"]
[WhiteTitle "GM"]
[BlackTitle "GM"]
[WhiteElo "2481"]
[BlackElo "2519"]
[WhiteFideId "13707647"]
[BlackFideId "813613"]
[EventDate "2022.12.26"]

1. d4 Nf6 2. c4 e6 3. Nf3 d5 4. g3 Bb4+ 5. Bd2 Be7 6. Bg2 O-O 7. O-O Nbd7 8. Qc2
c6 9. Rd1 b6 10. a4 Ba6 11. b3 c5 12. Na3 Bb7 13. cxd5 Bxd5 14. Nc4 Rc8 15. Bc3
Qc7 16. Rac1 Rfd8 17. Qb1 Qb7 18. Ne3 Be4 19. Qb2 h6 20. h3 Bc6 21. dxc5 Nxc5
22. Bd4 Be4 23. Rc4 a6 24. Rdc1 Ncd7 25. b4 b5 26. axb5 axb5 27. Rxc8 Rxc8 28.
Rd1 Nb6 29. Ng4 Nxg4 30. hxg4 Nc4 31. Qa1 f6 32. Bc3 e5 33. Ne1 Ra8 34. Qb1 Bxg2
35. Nxg2 Rd8 36. Rxd8+ Bxd8 37. Qd3 Be7 38. Nh4 Bf8 39. Qd8 Kf7 40. Qd3 e4 41.
Qd4 Qc6 42. Nf5 Nd6 43. Ne3 Ke6 44. Ng2 Be7 45. Nf4+ Kf7 46. Kh2 Bd8 47. Qa7+
Qc7 48. Qa8 Qxc3 49. Qd5+ Ke8 50. Qxd6 Qc4 51. Ng6 Kf7 52. Nh8+ Ke8 53. Ng6 Kf7
54. Nh8+ Ke8 55. e3 Bc7 56. Qa6 Kd7 57. Qb7 Qc6 58. Qa7 Qe6 59. Qa8 Qxg4 60.
Qd5+ Kc8 61. Qa8+ Kd7 62. Qd5+ Kc8 63. Qxb5 h5 64. Qe8+ Kb7 65. Ng6 h4 66. Nf4
hxg3+ 67. fxg3 Qf3 68. Qb5+ Ka7 69. Qd7 Kb8 70. Qxg7 Bxf4 71. Qg8+ Ka7 72. Qa2+
Kb8 73. Qg8+ Ka7 74. Qf7+ Kb8 75. Qe8+ Kc7 76. Qe7+ Kb8 77. Qd8+ Kb7 78. Qd5+
Kc7 79. exf4 Qf2+ 80. Kh3 e3 81. Qc5+ Kb7 82. Qe7+ Kb8 83. Qe8+ Kb7 84. b5 Qf3
85. Qf7+ Kb6 86. Qxf6+ Kxb5 87. Qb2+ Kc4 88. Qc2+ Kd4 89. Qb2+ Kd3 90. Qb3+ Ke2
91. Kh2 Kf2 92. Qc2+ e2 0-1

[Event "World Rapid 2022"]
[Site "Almaty KAZ"]
[Date "2022.12.26"]
[Round "1.15"]
[White "Suleymanli, Aydin"]
[Black "Giri, Anish"]
[Result "0-1"]
[WhiteTitle "GM"]
[BlackTitle "GM"]
[WhiteElo "2543"]
[BlackElo "2764"]
[WhiteFideId "13413937"]
[BlackFideId "24116068"]
[EventDate "2022.12.26"]

1. c4 Nf6 2. Nc3 e5 3. Nf3 Nc6 4. e3 Bb4 5. Qc2 Bxc3 6. Qxc3 Qe7 7. d4 e4 8. Ng1
d5 9. Bd2 O-O 10. b3 a5 11. Ne2 Nb4 12. Nf4 g5 13. Nxd5 Nfxd5 14. cxd5 Nxd5 15.
Qc5 Qd8 16. Bc4 Be6 17. O-O Qd7 18. Be2 g4 19. f3 gxf3 20. gxf3 Bf5 21. Kf2 Kh8
22. Rg1 Qe6 23. Rg3 exf3 24. Bxf3 Be4 25. Rag1 b6 26. Qc4 Bxf3 27. Rxf3 f5 28.
Rg5 Rf7 29. Qd3 Raf8 30. Ke1 h6 31. Rh5 Rf6 32. Kd1 c6 33. Rfh3 Kg8 34. Kc1 R8f7
35. Qf1 Rg6 36. Rf3 Rg5 37. Rxg5+ hxg5 38. e4 Qxe4 39. Bxg5 Qxd4 40. Kc2 f4 41.
Qe1 Ne3+ 0-1

[Event "World Rapid 2022"]
[Site "Almaty KAZ"]
[Date "2022.12.26"]
[Round "1.16"]
[White "Esipenko, Andrey"]
[Black "Asadli, Vugar"]
[Result "1-0"]
[WhiteTitle "GM"]
[BlackTitle "GM"]
[WhiteElo "2678"]
[BlackElo "2567"]
[WhiteFideId "24175439"]
[BlackFideId "13405764"]
[EventDate "2022.12.26"]

1. e4 c5 2. Nf3 e6 3. d4 cxd4 4. Nxd4 Nf6 5. Nc3 Nc6 6. a3 d5 7. exd5 Nxd5 8.
Nxd5 Qxd5 9. Nxc6 Qxc6 10. Be3 Bd7 11. Qd2 Be7 12. O-O-O Qa4 13. Bd4 f6 14. f4
Bc6 15. Qe3 Bd5 16. Bd3 O-O 17. Rhe1 Rac8 18. Kb1 Rc6 19. g4 Rfc8 20. Re2 Bc5
21. Bxc5 Rxc5 22. g5 fxg5 23. fxg5 Bc4 24. Qe4 g6 25. Rf2 Qd7 26. Rfd2 Qd5 27.
Qe1 Bxd3 28. Rxd3 Qxg5 29. Qxe6+ Kh8 30. Rd7 Rf8 31. Rxb7 Rxc2 32. Rdd7 Rxh2 33.
Qd6 Qf5+ 34. Ka2 Kg8 35. Qxh2 Qe6+ 36. b3 1-0

[Event "World Rapid 2022"]
[Site "Almaty KAZ"]
[Date "2022.12.26"]
[Round "1.17"]
[White "Nesterov, Arseniy"]
[Black "Van Foreest, Jorden"]
[Result "0-1"]
[WhiteTitle "GM"]
[BlackTitle "GM"]
[WhiteElo "2573"]
[BlackElo "2690"]
[WhiteFideId "24198455"]
[BlackFideId "1039784"]
[EventDate "2022.12.26"]

1. d4 d5 2. c4 c6 3. Nf3 Nf6 4. Nc3 e6 5. e3 Nbd7 6. Bd3 dxc4 7. Bxc4 b5 8. Bd3
Bb7 9. O-O a6 10. e4 c5 11. d5 Qc7 12. dxe6 fxe6 13. Bc2 O-O-O 14. Ng5 Re8 15.
f4 c4 16. e5 h6 17. Nf7 Bc5+ 18. Kh1 Rhg8 19. exf6 gxf6 20. Be4 b4 21. Nxh6 Rg7
22. Qf3 bxc3 23. bxc3 f5 24. Bxb7+ Qxb7 25. Qxb7+ Kxb7 26. Rb1+ Kc6 27. g4 fxg4
28. f5 g3 29. Rb2 Nf6 30. Rg2 Ne4 31. f6 Rg6 32. f7 Rh8 33. Bf4 Nf2+ 34. Kg1
Nh3+ 35. Kh1 Nxf4 36. Rxf4 Rgxh6 0-1

[Event "World Rapid 2022"]
[Site "Almaty KAZ"]
[Date "2022.12.26"]
[Round "1.18"]
[White "Jobava, Baadur"]
[Black "Ivic, Velimir"]
[Result "0-1"]
[WhiteTitle "GM"]
[BlackTitle "GM"]
[WhiteElo "2578"]
[BlackElo "2572"]
[WhiteFideId "13601520"]
[BlackFideId "950122"]
[EventDate "2022.12.26"]

1. e4 c5 2. c3 Nf6 3. e5 Nd5 4. Qf3 e6 5. Qg3 Nc6 6. Nf3 d6 7. Bb5 Ne7 8. O-O
Bd7 9. exd6 Nf5 10. Qh3 Bxd6 11. d3 a6 12. Bxc6 Bxc6 13. Nbd2 Bc7 14. Nb3 Qxd3
15. Nxc5 Qd5 16. Nb3 O-O-O 17. Nbd4 Nxd4 18. Nxd4 Bd7 19. Qf3 Qd6 20. Qg3 e5 21.
Nb3 f5 22. f4 Bb5 23. fxe5 Qd5 24. Re1 g5 25. Nd4 f4 26. Qxg5 Rhg8 27. Qf5+ Kb8
28. Qe4 Qc5 29. Kh1 Bc4 30. Qxf4 Bd5 31. Rg1 Rxg2 32. Rxg2 Rf8 33. Nf5 Qc6 34.
Kg1 Bxg2 35. Be3 Bh3 36. Qg3 Bxf5 37. Rf1 Qe6 38. Qh4 Rg8+ 39. Kf2 Qxe5 40. Bd4
Qd5 41. Ke3 Re8+ 42. Kd2 Bg6 43. b3 Qg2+ 44. Rf2 Qh1 45. Re2 Rxe2+ 46. Kxe2
Qxh2+ 0-1

[Event "World Rapid 2022"]
[Site "Almaty KAZ"]
[Date "2022.12.26"]
[Round "1.19"]
[White "Sychev, Klementy"]
[Black "Vallejo Pons, Francisco"]
[Result "1/2-1/2"]
[WhiteTitle "GM"]
[BlackTitle "GM"]
[WhiteElo "2556"]
[BlackElo "2716"]
[WhiteFideId "4114060"]
[BlackFideId "2205530"]
[EventDate "2022.12.26"]

1. d4 e6 2. c4 b6 3. Nf3 Bb7 4. Nc3 Bb4 5. Bd2 Nf6 6. e3 O-O 7. Bd3 d5 8. cxd5
exd5 9. O-O c5 10. dxc5 bxc5 11. a3 Ba5 12. Na4 Bb6 13. Rc1 Nbd7 14. b4 c4 15.
Bf5 Ne4 16. Be1 Ndf6 17. Nd4 Re8 18. Bh3 Bc7 19. g3 h5 20. Nc5 Bc8 21. Bg2 h4
22. Nxe4 Nxe4 23. Ne2 hxg3 24. hxg3 Qg5 25. Nc3 Nxc3 26. Bxc3 Be6 27. Qd4 Bb6
28. Qf4 Qxf4 29. gxf4 a5 30. Rfd1 axb4 31. axb4 Ra3 32. Bd4 Rb8 33. Bxb6 Rxb6
34. Bxd5 Bg4 35. Rd2 Rd3 36. Rcc2 Rxb4 37. Rxd3 cxd3 38. Rd2 Be2 39. f3 g6 40.
Be4 Rb3 41. Kf2 Kg7 42. f5 g5 43. Bd5 Rc3 44. e4 Kf6 45. Ke3 Rc1 46. f4 gxf4+
47. Kxf4 Rf1+ 48. Ke3 Ke5 49. Rxe2 dxe2 50. Kxe2 Rf4 51. Bxf7 Rxe4+ 52. Kd3 Rd4+ 1/2-1/2

[Event "World Rapid 2022"]
[Site "Almaty KAZ"]
[Date "2022.12.26"]
[Round "1.20"]
[White "Abdusattorov, Nodirbek"]
[Black "Kadric, Denis"]
[Result "1-0"]
[WhiteTitle "GM"]
[BlackTitle "GM"]
[WhiteElo "2713"]
[BlackElo "2584"]
[WhiteFideId "14204118"]
[BlackFideId "14403803"]
[EventDate "2022.12.26"]

1. c4 d6 2. Nc3 Nf6 3. g3 g6 4. Bg2 Bg7 5. d4 O-O 6. Nf3 Bf5 7. O-O Qc8 8. Bg5
Re8 9. Qd2 c6 10. Bh6 Bh8 11. Rfe1 Ne4 12. Nxe4 Bxe4 13. Rac1 Qd8 14. Bh3 Bxf3
15. exf3 d5 16. Qb4 b6 17. cxd5 Qxd5 18. Rxe7 Na6 19. Rce1 Red8 20. Qa3 Bf6 21.
Qxa6 Bxe7 22. Rxe7 Qh5 23. Qc4 Rd5 24. Qxc6 1-0

[Event "World Rapid 2022"]
[Site "Almaty KAZ"]
[Date "2022.12.26"]
[Round "1.21"]
[White "Vokhidov, Shamsiddin"]
[Black "Matlakov, Maxim"]
[Result "1/2-1/2"]
[WhiteTitle "GM"]
[BlackTitle "GM"]
[WhiteElo "2579"]
[BlackElo "2662"]
[WhiteFideId "14204223"]
[BlackFideId "4168003"]
[EventDate "2022.12.26"]

1. e4 e5 2. Nf3 Nc6 3. Bb5 a6 4. Ba4 Nf6 5. O-O Nxe4 6. d4 b5 7. Bb3 d5 8. dxe5
Be6 9. c3 Bc5 10. Qd3 O-O 11. Be3 Bxe3 12. Qxe3 f6 13. exf6 Qxf6 14. Nbd2 Nxd2
15. Qxd2 Kh8 16. Rfe1 Bg8 17. Qe3 Rad8 18. Rad1 Bf7 19. Qg5 Bg8 20. Qh5 d4 21.
Bxg8 Kxg8 22. Qc5 dxc3 23. bxc3 h6 24. h3 Rd6 25. Rd5 Ne7 26. Rde5 Ng6 27. Re8
Rxe8 28. Rxe8+ Kh7 29. Qxc7 Rc6 30. Qb7 Qxc3 31. Qf7 Qc1+ 32. Ne1 Qc4 33. Qf3
Rf6 34. Qe2 Qxe2 35. Rxe2 Nf4 36. Rd2 Rc6 37. Nf3 Rc3 38. Ne5 b4 39. h4 Rc5 40.
Nf3 Rd5 41. Rc2 a5 42. g3 Rd1+ 43. Kh2 Nd5 44. Rc5 a4 45. h5 Nc3 46. Ne5 Nxa2
47. Rc8 Rd5 48. f4 Nc3 49. g4 Rxe5 50. fxe5 a3 51. e6 Nd5 52. Ra8 g5 53. Ra5 Nf6
54. Kh3 Kg8 55. Ra8+ Kg7 56. Ra7+ Kf8 57. Kg2 Nxg4 58. Ra4 Ne3+ 59. Kf3 Nc2 60.
Ke4 b3 61. Ke5 a2 62. Ra8+ Ke7 63. Ra7+ Ke8 64. Ra8+ Ke7 65. Ra7+ Ke8 1/2-1/2

[Event "World Rapid 2022"]
[Site "Almaty KAZ"]
[Date "2022.12.26"]
[Round "1.22"]
[White "Vidit, Santosh Gujrathi"]
[Black "Cheng, Bobby"]
[Result "1-0"]
[WhiteTitle "GM"]
[BlackTitle "GM"]
[WhiteElo "2730"]
[BlackElo "2583"]
[WhiteFideId "5029465"]
[BlackFideId "4300033"]
[EventDate "2022.12.26"]

1. c4 e6 2. Nc3 d5 3. d4 Nf6 4. cxd5 exd5 5. Bg5 Bb4 6. e3 h6 7. Bh4 g5 8. Bg3
Ne4 9. Ne2 h5 10. h4 Nxg3 11. Nxg3 gxh4 12. Nxh5 c6 13. a3 Bd6 14. g3 hxg3 15.
Qf3 Be6 16. e4 gxf2+ 17. Kxf2 Nd7 18. exd5 Qb6 19. dxe6 fxe6 20. Qe3 O-O-O 21.
b4 Rdf8+ 22. Ke2 e5 23. d5 Bc5 24. Qd3 Bxb4 25. Ne4 Nc5 26. Nxc5 Bxc5 27. Rb1
Rf2+ 28. Kd1 Qa5 29. Bh3+ Kb8 30. dxc6 Rd8 31. Rxb7+ Ka8 32. Bd7 Qa4+ 33. Rb3
Bxa3 34. c7 Qxd7 35. cxd8=Q+ 1-0

[Event "World Rapid 2022"]
[Site "Almaty KAZ"]
[Date "2022.12.26"]
[Round "1.23"]
[White "Alonso Rosell, Alvar"]
[Black "Shankland, Sam"]
[Result "0-1"]
[WhiteTitle "GM"]
[BlackTitle "GM"]
[WhiteElo "2561"]
[BlackElo "2710"]
[WhiteFideId "2270544"]
[BlackFideId "2004887"]
[EventDate "2022.12.26"]

1. d4 d5 2. c4 e6 3. Nf3 Nf6 4. g3 dxc4 5. Bg2 a6 6. Ne5 Bb4+ 7. Nc3 Nd5 8. O-O
O-O 9. Ne4 b5 10. b3 cxb3 11. axb3 Bb7 12. Nd3 Nd7 13. Nxb4 Nxb4 14. Bg5 f6 15.
Bd2 Nd5 16. Qc2 Qb8 17. Rfc1 Rc8 18. Bh3 Re8 19. Ba5 Qa7 20. Qd2 Rac8 21. Nc5
Nxc5 22. Rxc5 f5 23. Rac1 Re7 24. f3 h6 25. e4 fxe4 26. fxe4 Nf6 27. Re5 Nxe4
28. Qe3 Ng5 29. Rxg5 hxg5 30. Bb4 Rce8 31. Bxe7 Rxe7 32. Rc5 Qb6 33. Re5 Kf7 34.
Rxg5 Bd5 35. Bg4 Ke8 36. Rh5 Qd6 37. Qc3 Kd7 38. Re5 Kc8 39. b4 Kb8 40. h4 Bb7
41. Kf2 Rf7+ 42. Ke3 Bd5 43. Qc5 Qxc5 44. dxc5 a5 45. bxa5 Ka7 46. Bxe6 Bxe6 47.
Rxe6 Rd7 48. g4 Rd5 49. Re7 Rxc5 50. Rxg7 b4 51. Kd4 Rc1 52. Rf7 b3 53. Rf2 c5+
54. Kd5 c4 55. Rb2 Ka6 56. h5 Kxa5 57. h6 Kb4 58. Rh2 c3 59. h7 Rd1+ 60. Ke4 Rd8
61. h8=Q Rxh8 62. Rxh8 c2 63. Rb8+ Ka3 64. Rc8 b2 65. Rc3+ Kb4 66. Kd4 0-1

[Event "World Rapid 2022"]
[Site "Almaty KAZ"]
[Date "2022.12.26"]
[Round "1.24"]
[White "Maghsoodloo, Parham"]
[Black "Bilguun, Sumiya"]
[Result "1-0"]
[WhiteTitle "GM"]
[BlackTitle "GM"]
[WhiteElo "2719"]
[BlackElo "2474"]
[WhiteFideId "12539929"]
[BlackFideId "4901541"]
[EventDate "2022.12.26"]

1. d4 d5 2. Nf3 e6 3. Bf4 Nf6 4. e3 Bd6 5. Nbd2 O-O 6. Bd3 c5 7. c3 Qc7 8. Bxd6
Qxd6 9. Ne5 b6 10. O-O Ba6 11. Bxa6 Nxa6 12. f4 Ne4 13. Nxe4 dxe4 14. Qa4 Nc7
15. dxc5 Qxc5 16. Qxe4 Nd5 17. Rfe1 Rad8 18. Qc4 f6 19. Qxc5 bxc5 20. Nf3 Rb8
21. Re2 Rb6 22. Rd1 Rfb8 23. Rdd2 Ra6 24. c4 Ne7 25. b3 Nc6 26. e4 Kf8 27. e5
Ke7 28. f5 fxe5 29. fxe6 Nd4 30. Rxe5 Rd8 31. Rd5 Nxf3+ 32. gxf3 Rad6 33. Rxd6
Rxd6 34. Rxd6 Kxd6 35. a3 a5 36. Kf2 Kxe6 37. Ke3 Ke5 38. Kd3 Kf4 39. b4 axb4
40. axb4 cxb4 41. c5 Ke5 42. Kc4 b3 43. Kxb3 Kd5 44. Kb4 Kc6 45. Kc4 g5 46. Kd4
h5 47. h3 Kc7 48. Ke4 1-0